Wybierz kluby Grosickiego - nagła śmierć - Statystyki

Ogólne statystyki
  • Ten quiz został rozwiązany 165 razy
  • Średni wynik to 5 z 8
Answers on the Grid
Answers color-coded by a green-red scale on the quiz's grid according to % correct below.
 
Statystyki odpowiedzi
Odpowiedź % Poprawnych
91%
76%
62%
51%
51%
51%
44%
43%
Nie znaleziono quizów pasujących do podanych kryteriów
Rozkład punktacji
Procent ludzi z każdym wynikiem
Percentyl według liczby udzielonych odpowiedzi
Twoja historia wyników
Nie rozwiązałeś tego quizu